000 00585nam a2200217 i 4500
001 bg
100 1 _aDUBRZYŃSKA, Hanna
245 1 0 _aElementy teorii polityki /
_cHanna Dubrzyńska.
260 _aGdańsk :
_bWydaw. Uniwersytetu Gdańskiego,
_c1997.
300 _a110, [1] s. ;
_c24 cm.
504 _aBibliogr. s. 109-[111].
650 9 _aPolityka
_xteoria
655 _aPodręczniki akademickie
020 _a837017728X
040 _cBPK
041 0 _apl
080 _a32.001(075.8)
920 _a83-7017-728-X
942 _cKS
008 s pl f |000 0 pol
999 _c33843
_d33843
856 _uhttp://koha.tu.koszalin.pl/cgi-bin/koha/opac-detail.pl?biblionumber=33843
_yKatalog online BPK